Cuaderno bibliografico gay 1987 = Gay bilduma bibliografikoa 1987.
Gespeichert in:
| Format: | Buch |
|---|---|
| Sprache: | Spanisch Baskisch |
| Veröffentlicht: |
Bilbao :
Movimiento de Liberacion Gay del Pais Vasco,
1987
|
| Tags: |
Keine Tags, Fügen Sie das erste Tag hinzu!
|
MARC
| LEADER | 00000nam a22000007i 4500 | ||
|---|---|---|---|
| 001 | IT\ICCU\UBO\3656594 | ||
| 003 | ItRI | ||
| 005 | 20260304232952.0 | ||
| 008 | 090625s1987 sp |||||| ||||| |||||c | ||
| 040 | |b ita |c ct | ||
| 041 | 7 | |a spa |a baq |2 ISO-639-2 | |
| 245 | 0 | 0 | |a Cuaderno bibliografico gay 1987 = |b Gay bilduma bibliografikoa 1987. |
| 260 | |a Bilbao : |b Movimiento de Liberacion Gay del Pais Vasco, |c 1987 | ||
| 300 | |a 34 p. : |b ill. ; |c 23 cm. | ||
| 500 | |a Realizzato da: Comision de Biblioteca y Archivos de EHGAM (Euskal Herriko Gay Askapen Mugimendua). - Data della prefazione. | ||
| 942 | |2 ddc |c BK | ||
| 952 | |0 0 |1 0 |2 ddc |4 0 |6 B_SCR11EHGAMCUA11 |7 0 |9 8748 |a MI |b MI |d 1988-02-08 |i 802 |l 0 |o B-SCR11-EHGAM-CUA11 |p CDOM802 |r 2025-07-17 21:50:34 |w 2025-07-17 |x DONO |y BK | ||
| 952 | |0 0 |1 0 |2 ddc |4 0 |6 B_SCR11EHGAMCUA12 |7 0 |9 8749 |a MI |b MI |d 1988-02-15 |i 811 |l 0 |o B-SCR11-EHGAM-CUA12 |p CDOM811 |r 2025-07-17 21:50:34 |w 2025-07-17 |x DONO |y BK | ||
| 952 | |0 0 |1 0 |4 0 |6 DOC_016_306000000000000_CUA |7 0 |9 22088 |a BO |b BO |d 2026-01-15 |i 1347 |l 0 |o DOC 016.306 CUA |p BO1347 |r 2026-01-15 23:22:18 |w 2026-01-15 |x [Sebina 5] [1 v. (2. copia)] |y BK |z 1 v. (2. copia) | ||
| 952 | |0 0 |1 0 |4 0 |6 DOC_016_306000000000000_CUA |7 0 |9 22089 |a BO |b BO |d 2026-01-15 |i 1340 |l 0 |o DOC 016.306 CUA |p BO1340 |r 2026-01-15 23:22:18 |w 2026-01-15 |x [Sebina 7] [1 v.] |y BK |z 1 v. | ||
| 999 | |c 7742 |d 7742 | ||